000 00637nam a2200169Ia 4500
008 090711s9999 xx 000 0 und d
082 _b1576
100 _aसिन्हा अन्नपूर्णा
245 _aसंपूर्ण गया श्राध्दविधी
260 _c1999
300 _a151
600 _aसिन्हा अन्नपूर्णा
630 _aसंपूर्ण गया श्राध्दविधी
700 _aसिन्हा अन्नपूर्णा
730 _aसंपूर्ण गया श्राध्दविधी
942 _cBOOK
999 _c336547
_d336547